000 01634nam0a2200349 4500
001 RU\NLR\bibl\1845253
005 20240725214457.0
020 _aRU
_b10-9198
_9Летопись авторефератов диссертаций
021 _aRU
_b2011-6370а
_9255аа
035 _a(NLR Aleph) 001835689
090 _a2201561
_c2201561
100 _a20110712d2011 u u0rusy50 ca
101 0 _arus
102 _aRU
105 _aa dm |||||
200 1 _aМолекулярно-клеточные механизмы геморрагического инсульта
_e(в экспериментальном исследовании)
_eавтореферат диссертации на соискание ученой степени доктора медицинских наук
_eспециальность 14.03.03 <Патологическая физиология>
_fХама-Мурад Арман Хамалав
210 _aСанкт-Петербург
_d2011
215 _a48 с.
_cил.
_d21
300 _aНа тит. л. ошибочно спец.
320 _aБиблиогр.: с. 41-48 (61 назв.)
675 _a616
_v3
_zrus
686 _a76.03
_2rugasnti
686 _a52+53+57.3
_2rubbk
686 _a14.00.16
_2oksvnk
700 1 _aХама-Мурад
_bАрман Хамалав
_4070
801 0 _aRU
_bRKP
_c20110712
_gPSBO
801 1 _aRU
_bRKP
_c20110712
801 2 _aRU
_bNLR
_c20111208
_grcr
901 _eАвторефераты
942 _cBOOK
981 1 0 _a(10) Авторефераты